Click James Bond Villain's Referenced in Austin Powers - Statistics

General Stats
  • This quiz has been taken 38 times
  • The average score is 6 of 6
Answer Stats
Hint Explanation Answer % Correct
Number 2 is Emilio Largo
100%
Random Task is Oddjob
97%
Goldmember is Auric Goldfinger
97%
Alotta Fagina is Pussy Galore
97%
Frau Farbissina is Rosa Klebb
97%
Dr. Evil is Ernst Stavro Blofeld
90%
No matching quizzes found
Score Distribution
Percent of People with Each Score
Percentile by Number Answered
Your Score History
You have not taken this quiz